Felmentés, kinevezés [rövid hír]
Elmentve itt :
| Dokumentumtípus: | Cikk |
|---|---|
| Megjelent: |
1972-07-07
|
| Sorozat: | Délmagyarország
62 No. 158 |
| Kulcsszavak: | Péter Szilveszter, Kalmár Ferenc, Városi Tanács Szeged kinevezés 1972 |
| Online Access: | http://dmarchiv.bibl.u-szeged.hu/62244 |
| LEADER | 00470nab a2200145 i 4500 | ||
|---|---|---|---|
| 001 | delm62244 | ||
| 005 | 20180927151239.0 | ||
| 008 | 180927s1972 hu o 0|| hun d | ||
| 040 | |a SZTE Délmagyarország Archívum |b hun | ||
| 041 | |a hun | ||
| 245 | 0 | 0 | |a Felmentés, kinevezés |h [elektronikus dokumentum] : |b [rövid hír] |
| 260 | |c 1972-07-07 | ||
| 300 | |a 8 | ||
| 490 | 0 | |a Délmagyarország |v 62 No. 158 | |
| 695 | |a Péter Szilveszter, Kalmár Ferenc, Városi Tanács Szeged kinevezés 1972 | ||